header

Strategic management of health care organizations (Record no. 62915)

MARC details
000 -LEADER
fixed length control field 02016nam a2200361 a 4500
082 04 - DEWEY DECIMAL CLASSIFICATION NUMBER
Classification number 362.1068
100 1# - MAIN ENTRY--AUTHOR NAME
Personal name Ginter, Peter M.
245 10 - TITLE STATEMENT
Title Strategic management of health care organizations
250 ## - EDITION STATEMENT
Edition statement 7th ed.
260 ## - PUBLICATION, DISTRIBUTION, ETC. (IMPRINT)
Place of publication San Francisco, Calif. :
Name of publisher John Wiley & Sons/Jossey-Bass,
Year of publication c2013.
300 ## - PHYSICAL DESCRIPTION
Number of Pages xi, 463 p. :
Other physical details col. ill.
500 ## - GENERAL NOTE
General note Rev. ed. of: Strategic management of health care organizations / Linda E. Swayne, W. Jack Duncan, Peter M. Ginter. 6th ed. c2008.
505 0# - FORMATTED CONTENTS NOTE
Formatted contents note The nature of strategic management -- Understanding and analyzing the general environment and the health care environment -- Service area competitor analysis -- Internal environmental analysis and competitive advantage -- Directional strategies -- Developing strategic alternatives -- Evaluation of alternatives and strategic choice -- Value adding service delivery strategies -- Value adding support strategies -- Communicating the strategy and developing action plans.
650 #0 - SUBJECT ADDED ENTRY--TOPICAL TERM
Topical Term Health services administration.
700 1# - ADDED ENTRY--PERSONAL NAME
Personal name Duncan, W. Jack
Personal name Swayne, Linda E.
856 40 - ELECTRONIC LOCATION AND ACCESS
Uniform Resource Identifier http://site.ebrary.com/lib/rucke/Doc?id=10671585

No items available.

© 2026 Rongo University
Contact us: librarian | system librarian | Rongo university